| 000 | 01007cam a2200241 4500 | ||
|---|---|---|---|
| 001 | ABS61317 | ||
| 008 | 000000n1999 000 0 eng u | ||
| 035 | _a(Sirsi) u100336 | ||
| 100 | _aBingham, T. | ||
| 245 | _aJustice at the speed of light | ||
| 260 | _c1999 | ||
| 490 |
_aBuilding _v 264(8104) 17 September 1999, 83(1) |
||
| 520 | _aWith reference to"Palmers Ltd v ABB Power Construction Ltd" observes how the new payment rules are getting disputes worked out in only twenty-eight days, but that the courts can move even faster. | ||
| 590 | _aABS | ||
| 650 | _aPAYMENT PROVISIONS | ||
| 650 | _aHOUSING GRANTS, CONSTRUCTION AND REGENERATION ACT 1996 | ||
| 650 | _aPALMERS LTD V A B B POWER CONSTRUCTION LTD | ||
| 650 | _aCONSTRUCTION DISPUTES | ||
| 650 | _aMANAGEMENT-DISPUTE AVOIDANCE, MANAGEMENT AND RESOLUTION-DISPUTE MANAGEMENT AND RESOLUTION-ALTERNATIVE DISPUTE RESOLUTION-ADJUDICATION | ||
| 650 | _aSOUTHAMPTON | ||
| 690 | _aBUILT ENVIRONMENT-BUILDING CONTRACT FORMS | ||
| 942 | _n0 | ||
| 999 |
_c60059 _d60059 |
||